000 00676nam a2200193 i 4500
001 41762
003 ES-MaACL
005 20230906160504.0
007 t|
008 030311s1958 sp ||||1| spa d
100 1 _aCasaprima Cabal, Enrique.
_936151
245 1 0 _aCubiertas
_b: cálculo y construcción... /
_cpor Enrique Casaprima Cabal.
260 _aBarcelona :
_bC.E.A.C.,
_c1958 (
_eTarrassa :
_fFlotats)
300 _a1 v. :
_bil. ;
_c21 cm.
500 _aEs el tomo II.
505 8 _aContiene: II. Cubiertas de hierro. Cubiertas especiales. Materiales para cobertura. Desagües.
650 4 _aCubiertas (Construcción)
_911469
852 _aES-MaACL
_jP-825
_bR.42399
999 _c41762
_d41762